00551cam a2200145 a 4500020003500000040000800035082002600043100002500069245008200094260005100176300003300227650001300260856006600273856006600339 a0803962444 (pbk. : alk. paper) cDLC00a371 COW 1995 A013 Or.1 aPeterson, Kenneth D.10aTeacher evaluation :ba comprehensive guide to new directions and practices / aThousand Oaks, Calif. :bCorwin Press,cc1995. axi, 304 p. :bill. ;c28 cm. 0aTeachers42uhttp://www.loc.gov/catdir/enhancements/fy0655/95008742-d.html41uhttp://www.loc.gov/catdir/enhancements/fy0655/95008742-t.html